000 00810nab a2200241u 4500
001 17196
003 HDC
007 c| |||a|c|aaaa
008 210222b20140604my ||||| |||| 00| 0 may d
040 _aHDC
100 _aBadrul Kamal Zakaria /
_eauthor
_916701
245 0 _aJenama khas Johor bantu usahawan /
_cBadrul Kamal Zakaria
336 _atext
_2rdacontent
337 _acomputer
_2rdamedia
338 _aonline resource
_2rdacarrier
650 _aPelan Suara Hati Johor
_916702
650 _asmall and medium enterprises (SME)
_97657
710 _aBERITA HARIAN
856 _zRequest full-text at [email protected]
942 _2lcc
942 _cNEWS
942 _kNWSC 004970
999 _c14512
_d14512